[Event "CZE-chT2A 1213"]
[Site "Czech Republic"]
[Date "2012.11.04"]
[Round "2.4"]
[White "Novy, Vaclav"]
[Black "Vachal, Josef"]
[Result "1/2-1/2"]
[WhiteElo "2046"]
[BlackElo "2178"]
[PlyCount "108"]
[EventDate "2012.10.14"]
[EventType "team-tourn"]
[EventRounds "11"]
[EventCountry "CZE"]
[SourceTitle "EXT 2015"]
[Source "ChessBase"]
[SourceDate "2014.11.20"]
[SourceVersion "1"]
[SourceVersionDate "2014.11.20"]
[SourceQuality "1"]
[WhiteTeam "Klatovy"]
[BlackTeam "Kozolupy"]
[WhiteTeamCountry "CZE"]
[BlackTeamCountry "CZE"]

1. e4 c5 2. Nf3 d6 3. Bb5+ Nc6 4. h3 Bd7 5. 0-0 Nf6 6. Re1 e6 7. c3 a6 8. Ba4 b5 9. Bc2 Be7 10. d4 cxd4 11. cxd4 Nb4 12. Bb3 a5 13. a3 a4 14. axb4 axb3 15. Rxa8 Qxa8 16. Nc3 0-0 17. Qxb3 Bc6 18. Bg5 h6 19. Bxf6 Bxf6 20. Qc2 Rc8 21. Qd3 d5 22. e5 Be7 23. Nd2 Bxb4 24. Nb3 Be8 25. Ra1 Qc6 26. Na2 Be7 27. Rc1 Qa8 28. Rxc8 Qxc8 29. Qc3 Qc4 30. f4 g6 31. Kf2 Kg7 32. Qxc4 bxc4 33. Nc5 h5 34. g3 Bd8 35. Nc3 Bc6 36. Ke3 Kf8 37. Kd2 Ke7 38. Ke3 Bb6 39. Na2 Ba5 40. Nc3 Bb6 41. Ne2 Ba5 42. g4 hxg4 43. hxg4 Bb4 44. f5 gxf5 45. gxf5 exf5 46. Kf4 Bd2+ 47. Kxf5 Be3 48. Kg4 Bd2 49. Kf5 Be3 50. Kg4 Bd2 51. Kf3 Be8 52. Kg4 Bc6 53. Kf3 Be8 54. Kg4 Bc6 1/2-1/2

[Event "CZE-chT1W 1011"]
[Site "Czech Republic"]
[Date "2011.02.13"]
[Round "8.5"]
[White "Bednar, Marcel"]
[Black "Vachal, Josef"]
[Result "1-0"]
[WhiteElo "2199"]
[BlackElo "2187"]
[PlyCount "99"]
[EventDate "2010.10.10"]
[EventType "team-tourn"]
[EventRounds "11"]
[EventCountry "CZE"]
[SourceTitle "EXT 2012"]
[Source "ChessBase"]
[SourceDate "2011.11.24"]
[SourceVersion "1"]
[SourceVersionDate "2011.11.24"]
[SourceQuality "1"]
[WhiteTeam "Praha Holdia II"]
[BlackTeam "Kozolupy"]
[WhiteTeamCountry "CZE"]
[BlackTeamCountry "CZE"]

1. d4 Nf6 2. c4 e6 3. Nc3 d5 4. Nf3 Be7 5. Bg5 0-0 6. e3 b6 7. Bxf6 Bxf6 8. cxd5 exd5 9. b4 Nc6 10. Qb3 Be6 11. Ba6 Rb8 12. 0-0 Ne7 13. Qa3 Bg4 14. Nd2 c6 15. Rac1 Qd6 16. Qa4 b5 17. Qa3 Bf5 18. Ne2 Rb6 19. Rc3 h5 20. Nb3 h4 21. Nc5 h3 22. g3 Ng6 23. f3 Re8 24. Rfc1 Bg5 25. Kf2 Qe7 26. f4 Bf6 27. Qb2 Bg4 28. Ng1 Rxa6 29. Nxa6 Qe4 30. Kf1 Ne7 31. Nc5 Qh1 32. Qf2 Nf5 33. Nb3 Nh4 34. Nd2 Ng2 35. Ndf3 Bxf3 36. Qxf3 Qxh2 37. Nxh3 Nxe3+ 38. Rxe3 Qxh3+ 39. Ke2 Qh2+ 40. Kd3 Rf8 41. Re2 Qh3 42. f5 g6 43. Rxc6 Kg7 44. fxg6 Bg5 45. Rc7 Kxg6 46. Re1 Qh2 47. Rc2 Qh7 48. Rh1 Bh6 49. Rc6+ Kg7+ 50. Kc3 1-0

[Event "CZE-chT1W 1011"]
[Site "Czech Republic"]
[Date "2010.10.10"]
[Round "1.6"]
[White "Vokoun, Jan"]
[Black "Vachal, Josef"]
[Result "1-0"]
[WhiteElo "2197"]
[BlackElo "2187"]
[PlyCount "50"]
[EventDate "2010.10.10"]
[EventType "team-tourn"]
[EventRounds "11"]
[EventCountry "CZE"]
[SourceTitle "EXT 2012"]
[Source "ChessBase"]
[SourceDate "2011.11.24"]
[SourceVersion "1"]
[SourceVersionDate "2011.11.24"]
[SourceQuality "1"]
[WhiteTeam "Pankrac"]
[BlackTeam "Kozolupy"]
[WhiteTeamCountry "CZE"]
[BlackTeamCountry "CZE"]

1. Nf3 Nf6 2. g3 d5 3. Bg2 Bg4 4. c4 e6 5. Qb3 Nbd7 6. Qxb7 Bxf3 7. Bxf3 Ne5 8. Bg2 Nxc4 9. Qc6+ Nd7 10. b3 Nce5 11. Qc2 Be7 12. d4 Ng4 13. e4 0-0 14. exd5 exd5 15. 0-0 c5 16. Nc3 Ngf6 17. Nxd5 Nxd5 18. Bxd5 Rc8 19. dxc5 Rxc5 20. Qd1 Bf6 21. Rb1 Qa5 22. b4 Qb5 23. bxc5 Qxb1 24. Ba3 Qb5 25. Qb3 Qxb3 1-0

[Event "CZE-chT2A 0910"]
[Site "Czech Republic"]
[Date "2010.02.28"]
[Round "8.5"]
[White "Folkova, Martina"]
[Black "Vachal, Josef"]
[Result "1/2-1/2"]
[WhiteElo "2106"]
[BlackElo "2156"]
[PlyCount "80"]
[EventDate "2009.10.18"]
[EventType "team-tourn"]
[EventRounds "11"]
[EventCountry "CZE"]
[SourceTitle "EXT 2012"]
[Source "ChessBase"]
[SourceDate "2011.11.24"]
[SourceVersion "1"]
[SourceVersionDate "2011.11.24"]
[SourceQuality "1"]
[WhiteTeam "Plzen Sokol"]
[BlackTeam "Kozolupy"]
[WhiteTeamCountry "CZE"]
[BlackTeamCountry "CSR"]

1. e4 c5 2. Nf3 d6 3. d4 cxd4 4. Nxd4 Nf6 5. Nc3 a6 6. Bg5 e6 7. f4 Qb6 8. Nb3 Nc6 9. Qf3 Qc7 10. 0-0-0 Be7 11. g4 h6 12. Bxf6 Bxf6 13. h4 Bd7 14. g5 Be7 15. Bh3 hxg5 16. hxg5 0-0-0 17. Qe3 Kb8 18. Kb1 Na5 19. Nxa5 Qxa5 20. f5 Bc8 21. g6 Bf6 22. gxf7 Bxc3 23. Qxc3 Qxc3 24. bxc3 exf5 25. e5 Rhf8 26. exd6 Rxf7 27. c4 b6 28. Rhg1 f4 29. Bf1 Rf6 30. d7 Rxd7 31. Rxd7 Bxd7 32. Rxg7 Bc8 33. Kc1 f3 34. Kd2 Bb7 35. Ke3 Rf5 36. Bd3 Rf8 37. Kf2 Rc8 38. Rg6 Ka7 39. Rg7 Re8 40. Rg5 Be4 1/2-1/2

[Event "CZE-chT1W 0809"]
[Site "Czech Republic"]
[Date "2009.02.15"]
[Round "8.6"]
[White "Vachal, Josef"]
[Black "Novotny, Michal"]
[Result "0-1"]
[WhiteElo "2191"]
[BlackElo "2272"]
[PlyCount "72"]
[EventDate "2008.10.19"]
[EventType "tourn"]
[EventRounds "11"]
[EventCountry "CZE"]
[SourceTitle "EXT 2010"]
[Source "ChessBase"]
[SourceDate "2010.11.25"]
[SourceVersion "1"]
[SourceVersionDate "2010.11.25"]
[SourceQuality "1"]
[WhiteTeam "Plzen Letna"]
[BlackTeam "Polabiny"]
[WhiteTeamCountry "CZE"]
[BlackTeamCountry "CZE"]

1. e4 c5 2. c3 Nf6 3. e5 Nd5 4. d4 cxd4 5. Nf3 e6 6. cxd4 b6 7. Be2 Be7 8. 0-0 0-0 9. Nc3 Nxc3 10. bxc3 Qc7 11. Bg5 d6 12. Bxe7 Qxe7 13. a4 Nd7 14. a5 Bb7 15. axb6 axb6 16. exd6 Qxd6 17. Qb3 h6 18. h3 Rfc8 19. Rfd1 Nf6 20. Rxa8 Bxa8 21. Rb1 Nd5 22. c4 Nf4 23. Bd1 Bxf3 24. Bxf3 Qxd4 25. Qxb6 Qxb6 26. Rxb6 Rxc4 27. Rd6 Kf8 28. Rd7 Ke8 29. Ra7 Nd3 30. Be2 Rc1+ 31. Kh2 Nxf2 32. Bb5+ Kf8 33. Ra8+ Ke7 34. Ra7+ Kf6 35. Be8 Rh1+ 36. Kg3 Ne4+ 0-1